000 00976cab a22001935a 4500
001 L153108
008 110608e2011 xxk 000 0 eng d
035 _a(Sirsi) u153108
041 0 _aeng
100 1 _aPhillips, Mike
245 0 0 _aFailure risk rate takes surprise upward turn
260 _c2011
490 0 _aProperty Week
_v77(21) 27 May 2011, 22(1)
520 _aFidelity International's latest "Fidelity Income Risk Monitor" shows the risk of tenant failure rising for the first time since the second quarter of 2009. Average likelihood of tenant defaults in any sector rose by two basis points to 2.84% in Q1 2011. Surprisingly it was the office sector that drove the increase rather than any weakening in the retail sector. Exceptionally failure rates in the specialist logistics sector continued their fall since Q2 2009.
590 _aKA
651 4 _aUnited Kingdom
_y
690 _aPROPERTY-COMMERCIAL PROPERTY-COMMERCIAL PROPERTY MARKET
942 _n0
999 _c83190
_d83190